Prechod práv a povinností z pracovnoprávnych vzťahov

Podľa paragrafu 27 zákona č. 311/2001 Z.z. Zákonník práce v znení neskorších predpisov, ak zanikne zamestnávateľ, ktorý má právneho nástupcu, prechádzajú práva a povinnosti z pracovnoprávnych vzťahov na tohto nástupcu, ak osobitný predpis neustanovuje inak. Príklady z praxe.

Saved in:
Bibliographic Details
Main Author: Valicová, Viera
Format: Book Chapter
Language:Slovak
Subjects:
Tags: Add Tag
No Tags, Be the first to tag this record!

MARC

LEADER 00000naa$a2200000$$$4500
001 0100674
005 20231109100115.9
041 0 |a slo 
044 |a SK 
245 1 0 |a Prechod práv a povinností z pracovnoprávnych vzťahov  |c Viera Valicová 
520 |a Podľa paragrafu 27 zákona č. 311/2001 Z.z. Zákonník práce v znení neskorších predpisov, ak zanikne zamestnávateľ, ktorý má právneho nástupcu, prechádzajú práva a povinnosti z pracovnoprávnych vzťahov na tohto nástupcu, ak osobitný predpis neustanovuje inak. Príklady z praxe. 
610 2 0 |a vzťahy pracovnoprávne 
610 2 0 |a zamestnanci 
610 2 0 |a zamestnávatelia 
610 2 0 |a pomer pracovný 
610 2 0 |a povinnosti zamestnávateľov 
610 2 0 |a právo 
610 2 0 |a firmy 
610 2 0 |a zmluvy kolektívne 
610 2 0 |a zrušenie podniku 
100 1 |a Valicová, Viera